{"text_format":"1","workbook":"xlsx","n_sheets":4,"sheets":["Состав блюд","Движение продуктов","Прих.накладная","Выгрузка из прих.накл."],"not_rendered":{"charts":0,"images":0,"macros":1,"external_links":0,"defined_names":6,"comments":0,"pivot_tables":0},"unopened":[],"bounds":{"document_bytes":16777216,"sheet_cells":100000,"rows_first":2000,"rows_last":500,"rows_between":2000,"halvings":0,"cell_chars":16384,"cell_head_chars":4096},"cells_cut":0,"cells_raw":0,"read":"whole","date_system":"1900"}

{"sheet":"Состав блюд","index":0,"n_rows":32,"n_cols":1,"rows_kept":32,"cut":false,"hidden":false,"merged":[]}
[]
[]
["Наименование продукта"]
["Говядина"]
["Гречка"]
["Какао в порошке"]
["Капуста"]
["Картофель"]
["Колбаса \"Докторская\""]
["Курица"]
["Лавровый лист"]
["Лук"]
["Майонез"]
["Масло растительное"]
["Масло сливочное"]
["Морковь"]
["Огурец свежий"]
["Перец сладкий"]
["Помидоры"]
["Рис"]
["Сахар"]
["Свекла"]
["Свинина"]
["Соль"]
["Сухари панировочные"]
["Сыр"]
["Томатная паста"]
["Уксус 9%-ный"]
["Чай"]
["Яйца куриные"]
["Арбуз"]
["Горох"]

{"sheet":"Движение продуктов","index":1,"n_rows":1086,"n_cols":5,"rows_kept":1086,"cut":false,"hidden":false,"merged":[]}
["Наименование продукта","Нач.остаток, кг","Приход, кг"]
[{"$f":"'Состав блюд'!A4","v":"Говядина"},1,{"$f":"SUM(IF(MOD(ROW('Выгрузка из прих.накл.'!$E$2:$E$19),2)=0,'Выгрузка из прих.накл.'!$E$2:$E$19))","v":15},null,"СУММ(ЕСЛИ(ОСТАТ(СТРОКА('Выгрузка из прих.накл.'!$E$2:$E$19);2)=0;'Выгрузка из прих.накл.'!$E$2:$E$19))"]
[{"$f":"'Состав блюд'!A5","v":"Гречка"},1,{"$f":"SUM(IF(MOD(ROW('Выгрузка из прих.накл.'!$F$2:$F$19),2)=0,'Выгрузка из прих.накл.'!$F$2:$F$19))","v":63}]
[{"$f":"'Состав блюд'!A6","v":"Какао в порошке"},1,{"$f":"SUM(IF(MOD(ROW('Выгрузка из прих.накл.'!$G$2:$G$19),2)=0,'Выгрузка из прих.накл.'!$G$2:$G$19))","v":10}]
[{"$f":"'Состав блюд'!A7","v":"Капуста"},1,{"$f":"SUM(IF(MOD(ROW('Выгрузка из прих.накл.'!$H$2:$H$19),2)=0,'Выгрузка из прих.накл.'!$H$2:$H$19))","v":5}]
[{"$f":"'Состав блюд'!A8","v":"Картофель"},1,{"$f":"SUM(IF(MOD(ROW('Выгрузка из прих.накл.'!$I$2:$I$19),2)=0,'Выгрузка из прих.накл.'!$I$2:$I$19))","v":0}]
[{"$f":"'Состав блюд'!A9","v":"Колбаса \"Докторская\""},1,{"$f":"SUM(IF(MOD(ROW('Выгрузка из прих.накл.'!$J$2:$J$19),2)=0,'Выгрузка из прих.накл.'!$J$2:$J$19))","v":0}]
[{"$f":"'Состав блюд'!A10","v":"Курица"},1,{"$f":"SUM(IF(MOD(ROW('Выгрузка из прих.накл.'!$K$2:$K$19),2)=0,'Выгрузка из прих.накл.'!$K$2:$K$19))","v":0}]
[{"$f":"'Состав блюд'!A11","v":"Лавровый лист"},1,{"$f":"SUM(IF(MOD(ROW('Выгрузка из прих.накл.'!$L$2:$L$19),2)=0,'Выгрузка из прих.накл.'!$L$2:$L$19))","v":0}]
[{"$f":"'Состав блюд'!A12","v":"Лук"},1,{"$f":"SUM(IF(MOD(ROW('Выгрузка из прих.накл.'!$M$2:$M$19),2)=0,'Выгрузка из прих.накл.'!$M$2:$M$19))","v":0}]
[{"$f":"'Состав блюд'!A13","v":"Майонез"},1,{"$f":"SUM(IF(MOD(ROW('Выгрузка из прих.накл.'!$N$2:$N$19),2)=0,'Выгрузка из прих.накл.'!$N$2:$N$19))","v":0}]
[{"$f":"'Состав блюд'!A14","v":"Масло растительное"},1,{"$f":"SUM(IF(MOD(ROW('Выгрузка из прих.накл.'!$O$2:$O$19),2)=0,'Выгрузка из прих.накл.'!$O$2:$O$19))","v":0}]
[{"$f":"'Состав блюд'!A15","v":"Масло сливочное"},1,{"$f":"SUM(IF(MOD(ROW('Выгрузка из прих.накл.'!$P$2:$P$19),2)=0,'Выгрузка из прих.накл.'!$P$2:$P$19))","v":0}]
[{"$f":"'Состав блюд'!A16","v":"Морковь"},1,{"$f":"SUM(IF(MOD(ROW('Выгрузка из прих.накл.'!$Q$2:$Q$19),2)=0,'Выгрузка из прих.накл.'!$Q$2:$Q$19))","v":0}]
[{"$f":"'Состав блюд'!A17","v":"Огурец свежий"},1,{"$f":"SUM(IF(MOD(ROW('Выгрузка из прих.накл.'!$R$2:$R$19),2)=0,'Выгрузка из прих.накл.'!$R$2:$R$19))","v":0}]
[{"$f":"'Состав блюд'!A18","v":"Перец сладкий"},1,{"$f":"SUM(IF(MOD(ROW('Выгрузка из прих.накл.'!$S$2:$S$19),2)=0,'Выгрузка из прих.накл.'!$S$2:$S$19))","v":0}]
[{"$f":"'Состав блюд'!A19","v":"Помидоры"},1,{"$f":"SUM(IF(MOD(ROW('Выгрузка из прих.накл.'!$T$2:$T$19),2)=0,'Выгрузка из прих.накл.'!$T$2:$T$19))","v":0}]
[{"$f":"'Состав блюд'!A20","v":"Рис"},1,{"$f":"SUM(IF(MOD(ROW('Выгрузка из прих.накл.'!$U$2:$U$19),2)=0,'Выгрузка из прих.накл.'!$U$2:$U$19))","v":10}]
[{"$f":"'Состав блюд'!A21","v":"Сахар"},1,{"$f":"SUM(IF(MOD(ROW('Выгрузка из прих.накл.'!$V$2:$V$19),2)=0,'Выгрузка из прих.накл.'!$V$2:$V$19))","v":0}]
[{"$f":"'Состав блюд'!A22","v":"Свекла"},1,{"$f":"SUM(IF(MOD(ROW('Выгрузка из прих.накл.'!$W$2:$W$19),2)=0,'Выгрузка из прих.накл.'!$W$2:$W$19))","v":0}]
[{"$f":"'Состав блюд'!A23","v":"Свинина"},1,{"$f":"SUM(IF(MOD(ROW('Выгрузка из прих.накл.'!$X$2:$X$19),2)=0,'Выгрузка из прих.накл.'!$X$2:$X$19))","v":0}]
[{"$f":"'Состав блюд'!A24","v":"Соль"},1,{"$f":"SUM(IF(MOD(ROW('Выгрузка из прих.накл.'!$Y$2:$Y$19),2)=0,'Выгрузка из прих.накл.'!$Y$2:$Y$19))","v":0}]
[{"$f":"'Состав блюд'!A25","v":"Сухари панировочные"},1,{"$f":"SUM(IF(MOD(ROW('Выгрузка из прих.накл.'!$Z$2:$Z$19),2)=0,'Выгрузка из прих.накл.'!$Z$2:$Z$19))","v":0}]
[{"$f":"'Состав блюд'!A26","v":"Сыр"},1,{"$f":"SUM(IF(MOD(ROW('Выгрузка из прих.накл.'!$AA$2:$AA$19),2)=0,'Выгрузка из прих.накл.'!$AA$2:$AA$19))","v":0}]
[{"$f":"'Состав блюд'!A27","v":"Томатная паста"},1,{"$f":"SUM(IF(MOD(ROW('Выгрузка из прих.накл.'!$AB$2:$AB$19),2)=0,'Выгрузка из прих.накл.'!$AB$2:$AB$19))","v":0}]
[{"$f":"'Состав блюд'!A28","v":"Уксус 9%-ный"},1,{"$f":"SUM(IF(MOD(ROW('Выгрузка из прих.накл.'!$AC$2:$AC$19),2)=0,'Выгрузка из прих.накл.'!$AC$2:$AC$19))","v":0}]
[{"$f":"'Состав блюд'!A29","v":"Чай"},1,{"$f":"SUM(IF(MOD(ROW('Выгрузка из прих.накл.'!$AD$2:$AD$19),2)=0,'Выгрузка из прих.накл.'!$AD$2:$AD$19))","v":0}]
[{"$f":"'Состав блюд'!A30","v":"Яйца куриные"},1,{"$f":"SUM(IF(MOD(ROW('Выгрузка из прих.накл.'!$AE$2:$AE$19),2)=0,'Выгрузка из прих.накл.'!$AE$2:$AE$19))","v":0}]
[{"$f":"'Состав блюд'!A31","v":"Арбуз"},1,{"$f":"SUM(IF(MOD(ROW('Выгрузка из прих.накл.'!$AF$2:$AF$19),2)=0,'Выгрузка из прих.накл.'!$AF$2:$AF$19))","v":0}]
[{"$f":"'Состав блюд'!A32","v":"Горох"},1,{"$f":"SUM(IF(MOD(ROW('Выгрузка из прих.накл.'!$AG$2:$AG$19),2)=0,'Выгрузка из прих.накл.'!$AG$2:$AG$19))","v":0}]
[{"$f":"'Состав блюд'!A33","v":0}]
[{"$f":"'Состав блюд'!A34","v":0}]
[{"$f":"'Состав блюд'!A35","v":0}]
[{"$f":"'Состав блюд'!A36","v":0}]
[{"$f":"'Состав блюд'!A37","v":0}]
[{"$f":"'Состав блюд'!A38","v":0}]
[{"$f":"'Состав блюд'!A39","v":0}]
[{"$f":"'Состав блюд'!A40","v":0}]
[{"$f":"'Состав блюд'!A41","v":0}]
[{"$f":"'Состав блюд'!A42","v":0}]
[{"$f":"'Состав блюд'!A43","v":0}]
[{"$f":"'Состав блюд'!A44","v":0}]
[{"$f":"'Состав блюд'!A45","v":0}]
[{"$f":"'Состав блюд'!A46","v":0}]
[{"$f":"'Состав блюд'!A47","v":0}]
[{"$f":"'Состав блюд'!A48","v":0}]
[{"$f":"'Состав блюд'!A49","v":0}]
[{"$f":"'Состав блюд'!A50","v":0}]
[{"$f":"'Состав блюд'!A51","v":0}]
[{"$f":"'Состав блюд'!A52","v":0}]
[{"$f":"'Состав блюд'!A53","v":0}]
[{"$f":"'Состав блюд'!A54","v":0}]
[{"$f":"'Состав блюд'!A55","v":0}]
[{"$f":"'Состав блюд'!A56","v":0}]
[{"$f":"'Состав блюд'!A57","v":0}]
[{"$f":"'Состав блюд'!A58","v":0}]
[{"$f":"'Состав блюд'!A59","v":0}]
[{"$f":"'Состав блюд'!A60","v":0}]
[{"$f":"'Состав блюд'!A61","v":0}]
[{"$f":"'Состав блюд'!A62","v":0}]
[{"$f":"'Состав блюд'!A63","v":0}]
[{"$f":"'Состав блюд'!A64","v":0}]
[{"$f":"'Состав блюд'!A65","v":0}]
[{"$f":"'Состав блюд'!A66","v":0}]
[{"$f":"'Состав блюд'!A67","v":0}]
[{"$f":"'Состав блюд'!A68","v":0}]
[{"$f":"'Состав блюд'!A69","v":0}]
[{"$f":"'Состав блюд'!A70","v":0}]
[{"$f":"'Состав блюд'!A71","v":0}]
[{"$f":"'Состав блюд'!A72","v":0}]
[{"$f":"'Состав блюд'!A73","v":0}]
[{"$f":"'Состав блюд'!A74","v":0}]
[{"$f":"'Состав блюд'!A75","v":0}]
[{"$f":"'Состав блюд'!A76","v":0}]
[{"$f":"'Состав блюд'!A77","v":0}]
[{"$f":"'Состав блюд'!A78","v":0}]
[{"$f":"'Состав блюд'!A79","v":0}]
[{"$f":"'Состав блюд'!A80","v":0}]
[{"$f":"'Состав блюд'!A81","v":0}]
[{"$f":"'Состав блюд'!A82","v":0}]
[{"$f":"'Состав блюд'!A83","v":0}]
[{"$f":"'Состав блюд'!A84","v":0}]
[{"$f":"'Состав блюд'!A85","v":0}]
[{"$f":"'Состав блюд'!A86","v":0}]
[{"$f":"'Состав блюд'!A87","v":0}]
[{"$f":"'Состав блюд'!A88","v":0}]
[{"$f":"'Состав блюд'!A89","v":0}]
[{"$f":"'Состав блюд'!A90","v":0}]
[{"$f":"'Состав блюд'!A91","v":0}]
[{"$f":"'Состав блюд'!A92","v":0}]
[{"$f":"'Состав блюд'!A93","v":0}]
[{"$f":"'Состав блюд'!A94","v":0}]
[{"$f":"'Состав блюд'!A95","v":0}]
[{"$f":"'Состав блюд'!A96","v":0}]
[{"$f":"'Состав блюд'!A97","v":0}]
[{"$f":"'Состав блюд'!A98","v":0}]
[{"$f":"'Состав блюд'!A99","v":0}]
[{"$f":"'Состав блюд'!A100","v":0}]
[{"$f":"'Состав блюд'!A101","v":0}]
[{"$f":"'Состав блюд'!A102","v":0}]
[{"$f":"'Состав блюд'!A103","v":0}]
[{"$f":"'Состав блюд'!A104","v":0}]
[{"$f":"'Состав блюд'!A105","v":0}]
[{"$f":"'Состав блюд'!A106","v":0}]
[{"$f":"'Состав блюд'!A107","v":0}]
[{"$f":"'Состав блюд'!A108","v":0}]
[{"$f":"'Состав блюд'!A109","v":0}]
[{"$f":"'Состав блюд'!A110","v":0}]
[{"$f":"'Состав блюд'!A111","v":0}]
[{"$f":"'Состав блюд'!A112","v":0}]
[{"$f":"'Состав блюд'!A113","v":0}]
[{"$f":"'Состав блюд'!A114","v":0}]
[{"$f":"'Состав блюд'!A115","v":0}]
[{"$f":"'Состав блюд'!A116","v":0}]
[{"$f":"'Состав блюд'!A117","v":0}]
[{"$f":"'Состав блюд'!A118","v":0}]
[{"$f":"'Состав блюд'!A119","v":0}]
[{"$f":"'Состав блюд'!A120","v":0}]
[{"$f":"'Состав блюд'!A121","v":0}]
[{"$f":"'Состав блюд'!A122","v":0}]
[{"$f":"'Состав блюд'!A123","v":0}]
[{"$f":"'Состав блюд'!A124","v":0}]
[{"$f":"'Состав блюд'!A125","v":0}]
[{"$f":"'Состав блюд'!A126","v":0}]
[{"$f":"'Состав блюд'!A127","v":0}]
[{"$f":"'Состав блюд'!A128","v":0}]
[{"$f":"'Состав блюд'!A129","v":0}]
[{"$f":"'Состав блюд'!A130","v":0}]
[{"$f":"'Состав блюд'!A131","v":0}]
[{"$f":"'Состав блюд'!A132","v":0}]
[{"$f":"'Состав блюд'!A133","v":0}]
[{"$f":"'Состав блюд'!A134","v":0}]
[{"$f":"'Состав блюд'!A135","v":0}]
[{"$f":"'Состав блюд'!A136","v":0}]
[{"$f":"'Состав блюд'!A137","v":0}]
[{"$f":"'Состав блюд'!A138","v":0}]
[{"$f":"'Состав блюд'!A139","v":0}]
[{"$f":"'Состав блюд'!A140","v":0}]
[{"$f":"'Состав блюд'!A141","v":0}]
[{"$f":"'Состав блюд'!A142","v":0}]
[{"$f":"'Состав блюд'!A143","v":0}]
[{"$f":"'Состав блюд'!A144","v":0}]
[{"$f":"'Состав блюд'!A145","v":0}]
[{"$f":"'Состав блюд'!A146","v":0}]
[{"$f":"'Состав блюд'!A147","v":0}]
[{"$f":"'Состав блюд'!A148","v":0}]
[{"$f":"'Состав блюд'!A149","v":0}]
[{"$f":"'Состав блюд'!A150","v":0}]
[{"$f":"'Состав блюд'!A151","v":0}]
[{"$f":"'Состав блюд'!A152","v":0}]
[{"$f":"'Состав блюд'!A153","v":0}]
[{"$f":"'Состав блюд'!A154","v":0}]
[{"$f":"'Состав блюд'!A155","v":0}]
[{"$f":"'Состав блюд'!A156","v":0}]
[{"$f":"'Состав блюд'!A157","v":0}]
[{"$f":"'Состав блюд'!A158","v":0}]
[{"$f":"'Состав блюд'!A159","v":0}]
[{"$f":"'Состав блюд'!A160","v":0}]
[{"$f":"'Состав блюд'!A161","v":0}]
[{"$f":"'Состав блюд'!A162","v":0}]
[{"$f":"'Состав блюд'!A163","v":0}]
[{"$f":"'Состав блюд'!A164","v":0}]
[{"$f":"'Состав блюд'!A165","v":0}]
[{"$f":"'Состав блюд'!A166","v":0}]
[{"$f":"'Состав блюд'!A167","v":0}]
[{"$f":"'Состав блюд'!A168","v":0}]
[{"$f":"'Состав блюд'!A169","v":0}]
[{"$f":"'Состав блюд'!A170","v":0}]
[{"$f":"'Состав блюд'!A171","v":0}]
[{"$f":"'Состав блюд'!A172","v":0}]
[{"$f":"'Состав блюд'!A173","v":0}]
[{"$f":"'Состав блюд'!A174","v":0}]
[{"$f":"'Состав блюд'!A175","v":0}]
[{"$f":"'Состав блюд'!A176","v":0}]
[{"$f":"'Состав блюд'!A177","v":0}]
[{"$f":"'Состав блюд'!A178","v":0}]
[{"$f":"'Состав блюд'!A179","v":0}]
[{"$f":"'Состав блюд'!A180","v":0}]
[{"$f":"'Состав блюд'!A181","v":0}]
[{"$f":"'Состав блюд'!A182","v":0}]
[{"$f":"'Состав блюд'!A183","v":0}]
[{"$f":"'Состав блюд'!A184","v":0}]
[{"$f":"'Состав блюд'!A185","v":0}]
[{"$f":"'Состав блюд'!A186","v":0}]
[{"$f":"'Состав блюд'!A187","v":0}]
[{"$f":"'Состав блюд'!A188","v":0}]
[{"$f":"'Состав блюд'!A189","v":0}]
[{"$f":"'Состав блюд'!A190","v":0}]
[{"$f":"'Состав блюд'!A191","v":0}]
[{"$f":"'Состав блюд'!A192","v":0}]
[{"$f":"'Состав блюд'!A193","v":0}]
[{"$f":"'Состав блюд'!A194","v":0}]
[{"$f":"'Состав блюд'!A195","v":0}]
[{"$f":"'Состав блюд'!A196","v":0}]
[{"$f":"'Состав блюд'!A197","v":0}]
[{"$f":"'Состав блюд'!A198","v":0}]
[{"$f":"'Состав блюд'!A199","v":0}]
[{"$f":"'Состав блюд'!A200","v":0}]
[{"$f":"'Состав блюд'!A201","v":0}]
[{"$f":"'Состав блюд'!A202","v":0}]
[{"$f":"'Состав блюд'!A203","v":0}]
[{"$f":"'Состав блюд'!A204","v":0}]
[{"$f":"'Состав блюд'!A205","v":0}]
[{"$f":"'Состав блюд'!A206","v":0}]
[{"$f":"'Состав блюд'!A207","v":0}]
[{"$f":"'Состав блюд'!A208","v":0}]
[{"$f":"'Состав блюд'!A209","v":0}]
[{"$f":"'Состав блюд'!A210","v":0}]
[{"$f":"'Состав блюд'!A211","v":0}]
[{"$f":"'Состав блюд'!A212","v":0}]
[{"$f":"'Состав блюд'!A213","v":0}]
[{"$f":"'Состав блюд'!A214","v":0}]
[{"$f":"'Состав блюд'!A215","v":0}]
[{"$f":"'Состав блюд'!A216","v":0}]
[{"$f":"'Состав блюд'!A217","v":0}]
[{"$f":"'Состав блюд'!A218","v":0}]
[{"$f":"'Состав блюд'!A219","v":0}]
[{"$f":"'Состав блюд'!A220","v":0}]
[{"$f":"'Состав блюд'!A221","v":0}]
[{"$f":"'Состав блюд'!A222","v":0}]
[{"$f":"'Состав блюд'!A223","v":0}]
[{"$f":"'Состав блюд'!A224","v":0}]
[{"$f":"'Состав блюд'!A225","v":0}]
[{"$f":"'Состав блюд'!A226","v":0}]
[{"$f":"'Состав блюд'!A227","v":0}]
[{"$f":"'Состав блюд'!A228","v":0}]
[{"$f":"'Состав блюд'!A229","v":0}]
[{"$f":"'Состав блюд'!A230","v":0}]
[{"$f":"'Состав блюд'!A231","v":0}]
[{"$f":"'Состав блюд'!A232","v":0}]
[{"$f":"'Состав блюд'!A233","v":0}]
[{"$f":"'Состав блюд'!A234","v":0}]
[{"$f":"'Состав блюд'!A235","v":0}]
[{"$f":"'Состав блюд'!A236","v":0}]
[{"$f":"'Состав блюд'!A237","v":0}]
[{"$f":"'Состав блюд'!A238","v":0}]
[{"$f":"'Состав блюд'!A239","v":0}]
[{"$f":"'Состав блюд'!A240","v":0}]
[{"$f":"'Состав блюд'!A241","v":0}]
[{"$f":"'Состав блюд'!A242","v":0}]
[{"$f":"'Состав блюд'!A243","v":0}]
[{"$f":"'Состав блюд'!A244","v":0}]
[{"$f":"'Состав блюд'!A245","v":0}]
[{"$f":"'Состав блюд'!A246","v":0}]
[{"$f":"'Состав блюд'!A247","v":0}]
[{"$f":"'Состав блюд'!A248","v":0}]
[{"$f":"'Состав блюд'!A249","v":0}]
[{"$f":"'Состав блюд'!A250","v":0}]
[{"$f":"'Состав блюд'!A251","v":0}]
[{"$f":"'Состав блюд'!A252","v":0}]
[{"$f":"'Состав блюд'!A253","v":0}]
[{"$f":"'Состав блюд'!A254","v":0}]
[{"$f":"'Состав блюд'!A255","v":0}]
[{"$f":"'Состав блюд'!A256","v":0}]
[{"$f":"'Состав блюд'!A257","v":0}]
[{"$f":"'Состав блюд'!A258","v":0}]
[{"$f":"'Состав блюд'!A259","v":0}]
[{"$f":"'Состав блюд'!A260","v":0}]
[{"$f":"'Состав блюд'!A261","v":0}]
[{"$f":"'Состав блюд'!A262","v":0}]
[{"$f":"'Состав блюд'!A263","v":0}]
[{"$f":"'Состав блюд'!A264","v":0}]
[{"$f":"'Состав блюд'!A265","v":0}]
[{"$f":"'Состав блюд'!A266","v":0}]
[{"$f":"'Состав блюд'!A267","v":0}]
[{"$f":"'Состав блюд'!A268","v":0}]
[{"$f":"'Состав блюд'!A269","v":0}]
[{"$f":"'Состав блюд'!A270","v":0}]
[{"$f":"'Состав блюд'!A271","v":0}]
[{"$f":"'Состав блюд'!A272","v":0}]
[{"$f":"'Состав блюд'!A273","v":0}]
[{"$f":"'Состав блюд'!A274","v":0}]
[{"$f":"'Состав блюд'!A275","v":0}]
[{"$f":"'Состав блюд'!A276","v":0}]
[{"$f":"'Состав блюд'!A277","v":0}]
[{"$f":"'Состав блюд'!A278","v":0}]
[{"$f":"'Состав блюд'!A279","v":0}]
[{"$f":"'Состав блюд'!A280","v":0}]
[{"$f":"'Состав блюд'!A281","v":0}]
[{"$f":"'Состав блюд'!A282","v":0}]
[{"$f":"'Состав блюд'!A283","v":0}]
[{"$f":"'Состав блюд'!A284","v":0}]
[{"$f":"'Состав блюд'!A285","v":0}]
[{"$f":"'Состав блюд'!A286","v":0}]
[{"$f":"'Состав блюд'!A287","v":0}]
[{"$f":"'Состав блюд'!A288","v":0}]
[{"$f":"'Состав блюд'!A289","v":0}]
[{"$f":"'Состав блюд'!A290","v":0}]
[{"$f":"'Состав блюд'!A291","v":0}]
[{"$f":"'Состав блюд'!A292","v":0}]
[{"$f":"'Состав блюд'!A293","v":0}]
[{"$f":"'Состав блюд'!A294","v":0}]
[{"$f":"'Состав блюд'!A295","v":0}]
[{"$f":"'Состав блюд'!A296","v":0}]
[{"$f":"'Состав блюд'!A297","v":0}]
[{"$f":"'Состав блюд'!A298","v":0}]
[{"$f":"'Состав блюд'!A299","v":0}]
[{"$f":"'Состав блюд'!A300","v":0}]
[{"$f":"'Состав блюд'!A301","v":0}]
[{"$f":"'Состав блюд'!A302","v":0}]
[{"$f":"'Состав блюд'!A303","v":0}]
[{"$f":"'Состав блюд'!A304","v":0}]
[{"$f":"'Состав блюд'!A305","v":0}]
[{"$f":"'Состав блюд'!A306","v":0}]
[{"$f":"'Состав блюд'!A307","v":0}]
[{"$f":"'Состав блюд'!A308","v":0}]
[{"$f":"'Состав блюд'!A309","v":0}]
[{"$f":"'Состав блюд'!A310","v":0}]
[{"$f":"'Состав блюд'!A311","v":0}]
[{"$f":"'Состав блюд'!A312","v":0}]
[{"$f":"'Состав блюд'!A313","v":0}]
[{"$f":"'Состав блюд'!A314","v":0}]
[{"$f":"'Состав блюд'!A315","v":0}]
[{"$f":"'Состав блюд'!A316","v":0}]
[{"$f":"'Состав блюд'!A317","v":0}]
[{"$f":"'Состав блюд'!A318","v":0}]
[{"$f":"'Состав блюд'!A319","v":0}]
[{"$f":"'Состав блюд'!A320","v":0}]
[{"$f":"'Состав блюд'!A321","v":0}]
[{"$f":"'Состав блюд'!A322","v":0}]
[{"$f":"'Состав блюд'!A323","v":0}]
[{"$f":"'Состав блюд'!A324","v":0}]
[{"$f":"'Состав блюд'!A325","v":0}]
[{"$f":"'Состав блюд'!A326","v":0}]
[{"$f":"'Состав блюд'!A327","v":0}]
[{"$f":"'Состав блюд'!A328","v":0}]
[{"$f":"'Состав блюд'!A329","v":0}]
[{"$f":"'Состав блюд'!A330","v":0}]
[{"$f":"'Состав блюд'!A331","v":0}]
[{"$f":"'Состав блюд'!A332","v":0}]
[{"$f":"'Состав блюд'!A333","v":0}]
[{"$f":"'Состав блюд'!A334","v":0}]
[{"$f":"'Состав блюд'!A335","v":0}]
[{"$f":"'Состав блюд'!A336","v":0}]
[{"$f":"'Состав блюд'!A337","v":0}]
[{"$f":"'Состав блюд'!A338","v":0}]
[{"$f":"'Состав блюд'!A339","v":0}]
[{"$f":"'Состав блюд'!A340","v":0}]
[{"$f":"'Состав блюд'!A341","v":0}]
[{"$f":"'Состав блюд'!A342","v":0}]
[{"$f":"'Состав блюд'!A343","v":0}]
[{"$f":"'Состав блюд'!A344","v":0}]
[{"$f":"'Состав блюд'!A345","v":0}]
[{"$f":"'Состав блюд'!A346","v":0}]
[{"$f":"'Состав блюд'!A347","v":0}]
[{"$f":"'Состав блюд'!A348","v":0}]
[{"$f":"'Состав блюд'!A349","v":0}]
[{"$f":"'Состав блюд'!A350","v":0}]
[{"$f":"'Состав блюд'!A351","v":0}]
[{"$f":"'Состав блюд'!A352","v":0}]
[{"$f":"'Состав блюд'!A353","v":0}]
[{"$f":"'Состав блюд'!A354","v":0}]
[{"$f":"'Состав блюд'!A355","v":0}]
[{"$f":"'Состав блюд'!A356","v":0}]
[{"$f":"'Состав блюд'!A357","v":0}]
[{"$f":"'Состав блюд'!A358","v":0}]
[{"$f":"'Состав блюд'!A359","v":0}]
[{"$f":"'Состав блюд'!A360","v":0}]
[{"$f":"'Состав блюд'!A361","v":0}]
[{"$f":"'Состав блюд'!A362","v":0}]
[{"$f":"'Состав блюд'!A363","v":0}]
[{"$f":"'Состав блюд'!A364","v":0}]
[{"$f":"'Состав блюд'!A365","v":0}]
[{"$f":"'Состав блюд'!A366","v":0}]
[{"$f":"'Состав блюд'!A367","v":0}]
[{"$f":"'Состав блюд'!A368","v":0}]
[{"$f":"'Состав блюд'!A369","v":0}]
[{"$f":"'Состав блюд'!A370","v":0}]
[{"$f":"'Состав блюд'!A371","v":0}]
[{"$f":"'Состав блюд'!A372","v":0}]
[{"$f":"'Состав блюд'!A373","v":0}]
[{"$f":"'Состав блюд'!A374","v":0}]
[{"$f":"'Состав блюд'!A375","v":0}]
[{"$f":"'Состав блюд'!A376","v":0}]
[{"$f":"'Состав блюд'!A377","v":0}]
[{"$f":"'Состав блюд'!A378","v":0}]
[{"$f":"'Состав блюд'!A379","v":0}]
[{"$f":"'Состав блюд'!A380","v":0}]
[{"$f":"'Состав блюд'!A381","v":0}]
[{"$f":"'Состав блюд'!A382","v":0}]
[{"$f":"'Состав блюд'!A383","v":0}]
[{"$f":"'Состав блюд'!A384","v":0}]
[{"$f":"'Состав блюд'!A385","v":0}]
[{"$f":"'Состав блюд'!A386","v":0}]
[{"$f":"'Состав блюд'!A387","v":0}]
[{"$f":"'Состав блюд'!A388","v":0}]
[{"$f":"'Состав блюд'!A389","v":0}]
[{"$f":"'Состав блюд'!A390","v":0}]
[{"$f":"'Состав блюд'!A391","v":0}]
[{"$f":"'Состав блюд'!A392","v":0}]
[{"$f":"'Состав блюд'!A393","v":0}]
[{"$f":"'Состав блюд'!A394","v":0}]
[{"$f":"'Состав блюд'!A395","v":0}]
[{"$f":"'Состав блюд'!A396","v":0}]
[{"$f":"'Состав блюд'!A397","v":0}]
[{"$f":"'Состав блюд'!A398","v":0}]
[{"$f":"'Состав блюд'!A399","v":0}]
[{"$f":"'Состав блюд'!A400","v":0}]
[{"$f":"'Состав блюд'!A401","v":0}]
[{"$f":"'Состав блюд'!A402","v":0}]
[{"$f":"'Состав блюд'!A403","v":0}]
[{"$f":"'Состав блюд'!A404","v":0}]
[{"$f":"'Состав блюд'!A405","v":0}]
[{"$f":"'Состав блюд'!A406","v":0}]
[{"$f":"'Состав блюд'!A407","v":0}]
[{"$f":"'Состав блюд'!A408","v":0}]
[{"$f":"'Состав блюд'!A409","v":0}]
[{"$f":"'Состав блюд'!A410","v":0}]
[{"$f":"'Состав блюд'!A411","v":0}]
[{"$f":"'Состав блюд'!A412","v":0}]
[{"$f":"'Состав блюд'!A413","v":0}]
[{"$f":"'Состав блюд'!A414","v":0}]
[{"$f":"'Состав блюд'!A415","v":0}]
[{"$f":"'Состав блюд'!A416","v":0}]
[{"$f":"'Состав блюд'!A417","v":0}]
[{"$f":"'Состав блюд'!A418","v":0}]
[{"$f":"'Состав блюд'!A419","v":0}]
[{"$f":"'Состав блюд'!A420","v":0}]
[{"$f":"'Состав блюд'!A421","v":0}]
[{"$f":"'Состав блюд'!A422","v":0}]
[{"$f":"'Состав блюд'!A423","v":0}]
[{"$f":"'Состав блюд'!A424","v":0}]
[{"$f":"'Состав блюд'!A425","v":0}]
[{"$f":"'Состав блюд'!A426","v":0}]
[{"$f":"'Состав блюд'!A427","v":0}]
[{"$f":"'Состав блюд'!A428","v":0}]
[{"$f":"'Состав блюд'!A429","v":0}]
[{"$f":"'Состав блюд'!A430","v":0}]
[{"$f":"'Состав блюд'!A431","v":0}]
[{"$f":"'Состав блюд'!A432","v":0}]
[{"$f":"'Состав блюд'!A433","v":0}]
[{"$f":"'Состав блюд'!A434","v":0}]
[{"$f":"'Состав блюд'!A435","v":0}]
[{"$f":"'Состав блюд'!A436","v":0}]
[{"$f":"'Состав блюд'!A437","v":0}]
[{"$f":"'Состав блюд'!A438","v":0}]
[{"$f":"'Состав блюд'!A439","v":0}]
[{"$f":"'Состав блюд'!A440","v":0}]
[{"$f":"'Состав блюд'!A441","v":0}]
[{"$f":"'Состав блюд'!A442","v":0}]
[{"$f":"'Состав блюд'!A443","v":0}]
[{"$f":"'Состав блюд'!A444","v":0}]
[{"$f":"'Состав блюд'!A445","v":0}]
[{"$f":"'Состав блюд'!A446","v":0}]
[{"$f":"'Состав блюд'!A447","v":0}]
[{"$f":"'Состав блюд'!A448","v":0}]
[{"$f":"'Состав блюд'!A449","v":0}]
[{"$f":"'Состав блюд'!A450","v":0}]
[{"$f":"'Состав блюд'!A451","v":0}]
[{"$f":"'Состав блюд'!A452","v":0}]
[{"$f":"'Состав блюд'!A453","v":0}]
[{"$f":"'Состав блюд'!A454","v":0}]
[{"$f":"'Состав блюд'!A455","v":0}]
[{"$f":"'Состав блюд'!A456","v":0}]
[{"$f":"'Состав блюд'!A457","v":0}]
[{"$f":"'Состав блюд'!A458","v":0}]
[{"$f":"'Состав блюд'!A459","v":0}]
[{"$f":"'Состав блюд'!A460","v":0}]
[{"$f":"'Состав блюд'!A461","v":0}]
[{"$f":"'Состав блюд'!A462","v":0}]
[{"$f":"'Состав блюд'!A463","v":0}]
[{"$f":"'Состав блюд'!A464","v":0}]
[{"$f":"'Состав блюд'!A465","v":0}]
[{"$f":"'Состав блюд'!A466","v":0}]
[{"$f":"'Состав блюд'!A467","v":0}]
[{"$f":"'Состав блюд'!A468","v":0}]
[{"$f":"'Состав блюд'!A469","v":0}]
[{"$f":"'Состав блюд'!A470","v":0}]
[{"$f":"'Состав блюд'!A471","v":0}]
[{"$f":"'Состав блюд'!A472","v":0}]
[{"$f":"'Состав блюд'!A473","v":0}]
[{"$f":"'Состав блюд'!A474","v":0}]
[{"$f":"'Состав блюд'!A475","v":0}]
[{"$f":"'Состав блюд'!A476","v":0}]
[{"$f":"'Состав блюд'!A477","v":0}]
[{"$f":"'Состав блюд'!A478","v":0}]
[{"$f":"'Состав блюд'!A479","v":0}]
[{"$f":"'Состав блюд'!A480","v":0}]
[{"$f":"'Состав блюд'!A481","v":0}]
[{"$f":"'Состав блюд'!A482","v":0}]
[{"$f":"'Состав блюд'!A483","v":0}]
[{"$f":"'Состав блюд'!A484","v":0}]
[{"$f":"'Состав блюд'!A485","v":0}]
[{"$f":"'Состав блюд'!A486","v":0}]
[{"$f":"'Состав блюд'!A487","v":0}]
[{"$f":"'Состав блюд'!A488","v":0}]
[{"$f":"'Состав блюд'!A489","v":0}]
[{"$f":"'Состав блюд'!A490","v":0}]
[{"$f":"'Состав блюд'!A491","v":0}]
[{"$f":"'Состав блюд'!A492","v":0}]
[{"$f":"'Состав блюд'!A493","v":0}]
[{"$f":"'Состав блюд'!A494","v":0}]
[{"$f":"'Состав блюд'!A495","v":0}]
[{"$f":"'Состав блюд'!A496","v":0}]
[{"$f":"'Состав блюд'!A497","v":0}]
[{"$f":"'Состав блюд'!A498","v":0}]
[{"$f":"'Состав блюд'!A499","v":0}]
[{"$f":"'Состав блюд'!A500","v":0}]
[{"$f":"'Состав блюд'!A501","v":0}]
[{"$f":"'Состав блюд'!A502","v":0}]
[{"$f":"'Состав блюд'!A503","v":0}]
[{"$f":"'Состав блюд'!A504","v":0}]
[{"$f":"'Состав блюд'!A505","v":0}]
[{"$f":"'Состав блюд'!A506","v":0}]
[{"$f":"'Состав блюд'!A507","v":0}]
[{"$f":"'Состав блюд'!A508","v":0}]
[{"$f":"'Состав блюд'!A509","v":0}]
[{"$f":"'Состав блюд'!A510","v":0}]
[{"$f":"'Состав блюд'!A511","v":0}]
[{"$f":"'Состав блюд'!A512","v":0}]
[{"$f":"'Состав блюд'!A513","v":0}]
[{"$f":"'Состав блюд'!A514","v":0}]
[{"$f":"'Состав блюд'!A515","v":0}]
[{"$f":"'Состав блюд'!A516","v":0}]
[{"$f":"'Состав блюд'!A517","v":0}]
[{"$f":"'Состав блюд'!A518","v":0}]
[{"$f":"'Состав блюд'!A519","v":0}]
[{"$f":"'Состав блюд'!A520","v":0}]
[{"$f":"'Состав блюд'!A521","v":0}]
[{"$f":"'Состав блюд'!A522","v":0}]
[{"$f":"'Состав блюд'!A523","v":0}]
[{"$f":"'Состав блюд'!A524","v":0}]
[{"$f":"'Состав блюд'!A525","v":0}]
[{"$f":"'Состав блюд'!A526","v":0}]
[{"$f":"'Состав блюд'!A527","v":0}]
[{"$f":"'Состав блюд'!A528","v":0}]
[{"$f":"'Состав блюд'!A529","v":0}]
[{"$f":"'Состав блюд'!A530","v":0}]
[{"$f":"'Состав блюд'!A531","v":0}]
[{"$f":"'Состав блюд'!A532","v":0}]
[{"$f":"'Состав блюд'!A533","v":0}]
[{"$f":"'Состав блюд'!A534","v":0}]
[{"$f":"'Состав блюд'!A535","v":0}]
[{"$f":"'Состав блюд'!A536","v":0}]
[{"$f":"'Состав блюд'!A537","v":0}]
[{"$f":"'Состав блюд'!A538","v":0}]
[{"$f":"'Состав блюд'!A539","v":0}]
[{"$f":"'Состав блюд'!A540","v":0}]
[{"$f":"'Состав блюд'!A541","v":0}]
[{"$f":"'Состав блюд'!A542","v":0}]
[{"$f":"'Состав блюд'!A543","v":0}]
[{"$f":"'Состав блюд'!A544","v":0}]
[{"$f":"'Состав блюд'!A545","v":0}]
[{"$f":"'Состав блюд'!A546","v":0}]
[{"$f":"'Состав блюд'!A547","v":0}]
[{"$f":"'Состав блюд'!A548","v":0}]
[{"$f":"'Состав блюд'!A549","v":0}]
[{"$f":"'Состав блюд'!A550","v":0}]
[{"$f":"'Состав блюд'!A551","v":0}]
[{"$f":"'Состав блюд'!A552","v":0}]
[{"$f":"'Состав блюд'!A553","v":0}]
[{"$f":"'Состав блюд'!A554","v":0}]
[{"$f":"'Состав блюд'!A555","v":0}]
[{"$f":"'Состав блюд'!A556","v":0}]
[{"$f":"'Состав блюд'!A557","v":0}]
[{"$f":"'Состав блюд'!A558","v":0}]
[{"$f":"'Состав блюд'!A559","v":0}]
[{"$f":"'Состав блюд'!A560","v":0}]
[{"$f":"'Состав блюд'!A561","v":0}]
[{"$f":"'Состав блюд'!A562","v":0}]
[{"$f":"'Состав блюд'!A563","v":0}]
[{"$f":"'Состав блюд'!A564","v":0}]
[{"$f":"'Состав блюд'!A565","v":0}]
[{"$f":"'Состав блюд'!A566","v":0}]
[{"$f":"'Состав блюд'!A567","v":0}]
[{"$f":"'Состав блюд'!A568","v":0}]
[{"$f":"'Состав блюд'!A569","v":0}]
[{"$f":"'Состав блюд'!A570","v":0}]
[{"$f":"'Состав блюд'!A571","v":0}]
[{"$f":"'Состав блюд'!A572","v":0}]
[{"$f":"'Состав блюд'!A573","v":0}]
[{"$f":"'Состав блюд'!A574","v":0}]
[{"$f":"'Состав блюд'!A575","v":0}]
[{"$f":"'Состав блюд'!A576","v":0}]
[{"$f":"'Состав блюд'!A577","v":0}]
[{"$f":"'Состав блюд'!A578","v":0}]
[{"$f":"'Состав блюд'!A579","v":0}]
[{"$f":"'Состав блюд'!A580","v":0}]
[{"$f":"'Состав блюд'!A581","v":0}]
[{"$f":"'Состав блюд'!A582","v":0}]
[{"$f":"'Состав блюд'!A583","v":0}]
[{"$f":"'Состав блюд'!A584","v":0}]
[{"$f":"'Состав блюд'!A585","v":0}]
[{"$f":"'Состав блюд'!A586","v":0}]
[{"$f":"'Состав блюд'!A587","v":0}]
[{"$f":"'Состав блюд'!A588","v":0}]
[{"$f":"'Состав блюд'!A589","v":0}]
[{"$f":"'Состав блюд'!A590","v":0}]
[{"$f":"'Состав блюд'!A591","v":0}]
[{"$f":"'Состав блюд'!A592","v":0}]
[{"$f":"'Состав блюд'!A593","v":0}]
[{"$f":"'Состав блюд'!A594","v":0}]
[{"$f":"'Состав блюд'!A595","v":0}]
[{"$f":"'Состав блюд'!A596","v":0}]
[{"$f":"'Состав блюд'!A597","v":0}]
[{"$f":"'Состав блюд'!A598","v":0}]
[{"$f":"'Состав блюд'!A599","v":0}]
[{"$f":"'Состав блюд'!A600","v":0}]
[{"$f":"'Состав блюд'!A601","v":0}]
[{"$f":"'Состав блюд'!A602","v":0}]
[{"$f":"'Состав блюд'!A603","v":0}]
[{"$f":"'Состав блюд'!A604","v":0}]
[{"$f":"'Состав блюд'!A605","v":0}]
[{"$f":"'Состав блюд'!A606","v":0}]
[{"$f":"'Состав блюд'!A607","v":0}]
[{"$f":"'Состав блюд'!A608","v":0}]
[{"$f":"'Состав блюд'!A609","v":0}]
[{"$f":"'Состав блюд'!A610","v":0}]
[{"$f":"'Состав блюд'!A611","v":0}]
[{"$f":"'Состав блюд'!A612","v":0}]
[{"$f":"'Состав блюд'!A613","v":0}]
[{"$f":"'Состав блюд'!A614","v":0}]
[{"$f":"'Состав блюд'!A615","v":0}]
[{"$f":"'Состав блюд'!A616","v":0}]
[{"$f":"'Состав блюд'!A617","v":0}]
[{"$f":"'Состав блюд'!A618","v":0}]
[{"$f":"'Состав блюд'!A619","v":0}]
[{"$f":"'Состав блюд'!A620","v":0}]
[{"$f":"'Состав блюд'!A621","v":0}]
[{"$f":"'Состав блюд'!A622","v":0}]
[{"$f":"'Состав блюд'!A623","v":0}]
[{"$f":"'Состав блюд'!A624","v":0}]
[{"$f":"'Состав блюд'!A625","v":0}]
[{"$f":"'Состав блюд'!A626","v":0}]
[{"$f":"'Состав блюд'!A627","v":0}]
[{"$f":"'Состав блюд'!A628","v":0}]
[{"$f":"'Состав блюд'!A629","v":0}]
[{"$f":"'Состав блюд'!A630","v":0}]
[{"$f":"'Состав блюд'!A631","v":0}]
[{"$f":"'Состав блюд'!A632","v":0}]
[{"$f":"'Состав блюд'!A633","v":0}]
[{"$f":"'Состав блюд'!A634","v":0}]
[{"$f":"'Состав блюд'!A635","v":0}]
[{"$f":"'Состав блюд'!A636","v":0}]
[{"$f":"'Состав блюд'!A637","v":0}]
[{"$f":"'Состав блюд'!A638","v":0}]
[{"$f":"'Состав блюд'!A639","v":0}]
[{"$f":"'Состав блюд'!A640","v":0}]
[{"$f":"'Состав блюд'!A641","v":0}]
[{"$f":"'Состав блюд'!A642","v":0}]
[{"$f":"'Состав блюд'!A643","v":0}]
[{"$f":"'Состав блюд'!A644","v":0}]
[{"$f":"'Состав блюд'!A645","v":0}]
[{"$f":"'Состав блюд'!A646","v":0}]
[{"$f":"'Состав блюд'!A647","v":0}]
[{"$f":"'Состав блюд'!A648","v":0}]
[{"$f":"'Состав блюд'!A649","v":0}]
[{"$f":"'Состав блюд'!A650","v":0}]
[{"$f":"'Состав блюд'!A651","v":0}]
[{"$f":"'Состав блюд'!A652","v":0}]
[{"$f":"'Состав блюд'!A653","v":0}]
[{"$f":"'Состав блюд'!A654","v":0}]
[{"$f":"'Состав блюд'!A655","v":0}]
[{"$f":"'Состав блюд'!A656","v":0}]
[{"$f":"'Состав блюд'!A657","v":0}]
[{"$f":"'Состав блюд'!A658","v":0}]
[{"$f":"'Состав блюд'!A659","v":0}]
[{"$f":"'Состав блюд'!A660","v":0}]
[{"$f":"'Состав блюд'!A661","v":0}]
[{"$f":"'Состав блюд'!A662","v":0}]
[{"$f":"'Состав блюд'!A663","v":0}]
[{"$f":"'Состав блюд'!A664","v":0}]
[{"$f":"'Состав блюд'!A665","v":0}]
[{"$f":"'Состав блюд'!A666","v":0}]
[{"$f":"'Состав блюд'!A667","v":0}]
[{"$f":"'Состав блюд'!A668","v":0}]
[{"$f":"'Состав блюд'!A669","v":0}]
[{"$f":"'Состав блюд'!A670","v":0}]
[{"$f":"'Состав блюд'!A671","v":0}]
[{"$f":"'Состав блюд'!A672","v":0}]
[{"$f":"'Состав блюд'!A673","v":0}]
[{"$f":"'Состав блюд'!A674","v":0}]
[{"$f":"'Состав блюд'!A675","v":0}]
[{"$f":"'Состав блюд'!A676","v":0}]
[{"$f":"'Состав блюд'!A677","v":0}]
[{"$f":"'Состав блюд'!A678","v":0}]
[{"$f":"'Состав блюд'!A679","v":0}]
[{"$f":"'Состав блюд'!A680","v":0}]
[{"$f":"'Состав блюд'!A681","v":0}]
[{"$f":"'Состав блюд'!A682","v":0}]
[{"$f":"'Состав блюд'!A683","v":0}]
[{"$f":"'Состав блюд'!A684","v":0}]
[{"$f":"'Состав блюд'!A685","v":0}]
[{"$f":"'Состав блюд'!A686","v":0}]
[{"$f":"'Состав блюд'!A687","v":0}]
[{"$f":"'Состав блюд'!A688","v":0}]
[{"$f":"'Состав блюд'!A689","v":0}]
[{"$f":"'Состав блюд'!A690","v":0}]
[{"$f":"'Состав блюд'!A691","v":0}]
[{"$f":"'Состав блюд'!A692","v":0}]
[{"$f":"'Состав блюд'!A693","v":0}]
[{"$f":"'Состав блюд'!A694","v":0}]
[{"$f":"'Состав блюд'!A695","v":0}]
[{"$f":"'Состав блюд'!A696","v":0}]
[{"$f":"'Состав блюд'!A697","v":0}]
[{"$f":"'Состав блюд'!A698","v":0}]
[{"$f":"'Состав блюд'!A699","v":0}]
[{"$f":"'Состав блюд'!A700","v":0}]
[{"$f":"'Состав блюд'!A701","v":0}]
[{"$f":"'Состав блюд'!A702","v":0}]
[{"$f":"'Состав блюд'!A703","v":0}]
[{"$f":"'Состав блюд'!A704","v":0}]
[{"$f":"'Состав блюд'!A705","v":0}]
[{"$f":"'Состав блюд'!A706","v":0}]
[{"$f":"'Состав блюд'!A707","v":0}]
[{"$f":"'Состав блюд'!A708","v":0}]
[{"$f":"'Состав блюд'!A709","v":0}]
[{"$f":"'Состав блюд'!A710","v":0}]
[{"$f":"'Состав блюд'!A711","v":0}]
[{"$f":"'Состав блюд'!A712","v":0}]
[{"$f":"'Состав блюд'!A713","v":0}]
[{"$f":"'Состав блюд'!A714","v":0}]
[{"$f":"'Состав блюд'!A715","v":0}]
[{"$f":"'Состав блюд'!A716","v":0}]
[{"$f":"'Состав блюд'!A717","v":0}]
[{"$f":"'Состав блюд'!A718","v":0}]
[{"$f":"'Состав блюд'!A719","v":0}]
[{"$f":"'Состав блюд'!A720","v":0}]
[{"$f":"'Состав блюд'!A721","v":0}]
[{"$f":"'Состав блюд'!A722","v":0}]
[{"$f":"'Состав блюд'!A723","v":0}]
[{"$f":"'Состав блюд'!A724","v":0}]
[{"$f":"'Состав блюд'!A725","v":0}]
[{"$f":"'Состав блюд'!A726","v":0}]
[{"$f":"'Состав блюд'!A727","v":0}]
[{"$f":"'Состав блюд'!A728","v":0}]
[{"$f":"'Состав блюд'!A729","v":0}]
[{"$f":"'Состав блюд'!A730","v":0}]
[{"$f":"'Состав блюд'!A731","v":0}]
[{"$f":"'Состав блюд'!A732","v":0}]
[{"$f":"'Состав блюд'!A733","v":0}]
[{"$f":"'Состав блюд'!A734","v":0}]
[{"$f":"'Состав блюд'!A735","v":0}]
[{"$f":"'Состав блюд'!A736","v":0}]
[{"$f":"'Состав блюд'!A737","v":0}]
[{"$f":"'Состав блюд'!A738","v":0}]
[{"$f":"'Состав блюд'!A739","v":0}]
[{"$f":"'Состав блюд'!A740","v":0}]
[{"$f":"'Состав блюд'!A741","v":0}]
[{"$f":"'Состав блюд'!A742","v":0}]
[{"$f":"'Состав блюд'!A743","v":0}]
[{"$f":"'Состав блюд'!A744","v":0}]
[{"$f":"'Состав блюд'!A745","v":0}]
[{"$f":"'Состав блюд'!A746","v":0}]
[{"$f":"'Состав блюд'!A747","v":0}]
[{"$f":"'Состав блюд'!A748","v":0}]
[{"$f":"'Состав блюд'!A749","v":0}]
[{"$f":"'Состав блюд'!A750","v":0}]
[{"$f":"'Состав блюд'!A751","v":0}]
[{"$f":"'Состав блюд'!A752","v":0}]
[{"$f":"'Состав блюд'!A753","v":0}]
[{"$f":"'Состав блюд'!A754","v":0}]
[{"$f":"'Состав блюд'!A755","v":0}]
[{"$f":"'Состав блюд'!A756","v":0}]
[{"$f":"'Состав блюд'!A757","v":0}]
[{"$f":"'Состав блюд'!A758","v":0}]
[{"$f":"'Состав блюд'!A759","v":0}]
[{"$f":"'Состав блюд'!A760","v":0}]
[{"$f":"'Состав блюд'!A761","v":0}]
[{"$f":"'Состав блюд'!A762","v":0}]
[{"$f":"'Состав блюд'!A763","v":0}]
[{"$f":"'Состав блюд'!A764","v":0}]
[{"$f":"'Состав блюд'!A765","v":0}]
[{"$f":"'Состав блюд'!A766","v":0}]
[{"$f":"'Состав блюд'!A767","v":0}]
[{"$f":"'Состав блюд'!A768","v":0}]
[{"$f":"'Состав блюд'!A769","v":0}]
[{"$f":"'Состав блюд'!A770","v":0}]
[{"$f":"'Состав блюд'!A771","v":0}]
[{"$f":"'Состав блюд'!A772","v":0}]
[{"$f":"'Состав блюд'!A773","v":0}]
[{"$f":"'Состав блюд'!A774","v":0}]
[{"$f":"'Состав блюд'!A775","v":0}]
[{"$f":"'Состав блюд'!A776","v":0}]
[{"$f":"'Состав блюд'!A777","v":0}]
[{"$f":"'Состав блюд'!A778","v":0}]
[{"$f":"'Состав блюд'!A779","v":0}]
[{"$f":"'Состав блюд'!A780","v":0}]
[{"$f":"'Состав блюд'!A781","v":0}]
[{"$f":"'Состав блюд'!A782","v":0}]
[{"$f":"'Состав блюд'!A783","v":0}]
[{"$f":"'Состав блюд'!A784","v":0}]
[{"$f":"'Состав блюд'!A785","v":0}]
[{"$f":"'Состав блюд'!A786","v":0}]
[{"$f":"'Состав блюд'!A787","v":0}]
[{"$f":"'Состав блюд'!A788","v":0}]
[{"$f":"'Состав блюд'!A789","v":0}]
[{"$f":"'Состав блюд'!A790","v":0}]
[{"$f":"'Состав блюд'!A791","v":0}]
[{"$f":"'Состав блюд'!A792","v":0}]
[{"$f":"'Состав блюд'!A793","v":0}]
[{"$f":"'Состав блюд'!A794","v":0}]
[{"$f":"'Состав блюд'!A795","v":0}]
[{"$f":"'Состав блюд'!A796","v":0}]
[{"$f":"'Состав блюд'!A797","v":0}]
[{"$f":"'Состав блюд'!A798","v":0}]
[{"$f":"'Состав блюд'!A799","v":0}]
[{"$f":"'Состав блюд'!A800","v":0}]
[{"$f":"'Состав блюд'!A801","v":0}]
[{"$f":"'Состав блюд'!A802","v":0}]
[{"$f":"'Состав блюд'!A803","v":0}]
[{"$f":"'Состав блюд'!A804","v":0}]
[{"$f":"'Состав блюд'!A805","v":0}]
[{"$f":"'Состав блюд'!A806","v":0}]
[{"$f":"'Состав блюд'!A807","v":0}]
[{"$f":"'Состав блюд'!A808","v":0}]
[{"$f":"'Состав блюд'!A809","v":0}]
[{"$f":"'Состав блюд'!A810","v":0}]
[{"$f":"'Состав блюд'!A811","v":0}]
[{"$f":"'Состав блюд'!A812","v":0}]
[{"$f":"'Состав блюд'!A813","v":0}]
[{"$f":"'Состав блюд'!A814","v":0}]
[{"$f":"'Состав блюд'!A815","v":0}]
[{"$f":"'Состав блюд'!A816","v":0}]
[{"$f":"'Состав блюд'!A817","v":0}]
[{"$f":"'Состав блюд'!A818","v":0}]
[{"$f":"'Состав блюд'!A819","v":0}]
[{"$f":"'Состав блюд'!A820","v":0}]
[{"$f":"'Состав блюд'!A821","v":0}]
[{"$f":"'Состав блюд'!A822","v":0}]
[{"$f":"'Состав блюд'!A823","v":0}]
[{"$f":"'Состав блюд'!A824","v":0}]
[{"$f":"'Состав блюд'!A825","v":0}]
[{"$f":"'Состав блюд'!A826","v":0}]
[{"$f":"'Состав блюд'!A827","v":0}]
[{"$f":"'Состав блюд'!A828","v":0}]
[{"$f":"'Состав блюд'!A829","v":0}]
[{"$f":"'Состав блюд'!A830","v":0}]
[{"$f":"'Состав блюд'!A831","v":0}]
[{"$f":"'Состав блюд'!A832","v":0}]
[{"$f":"'Состав блюд'!A833","v":0}]
[{"$f":"'Состав блюд'!A834","v":0}]
[{"$f":"'Состав блюд'!A835","v":0}]
[{"$f":"'Состав блюд'!A836","v":0}]
[{"$f":"'Состав блюд'!A837","v":0}]
[{"$f":"'Состав блюд'!A838","v":0}]
[{"$f":"'Состав блюд'!A839","v":0}]
[{"$f":"'Состав блюд'!A840","v":0}]
[{"$f":"'Состав блюд'!A841","v":0}]
[{"$f":"'Состав блюд'!A842","v":0}]
[{"$f":"'Состав блюд'!A843","v":0}]
[{"$f":"'Состав блюд'!A844","v":0}]
[{"$f":"'Состав блюд'!A845","v":0}]
[{"$f":"'Состав блюд'!A846","v":0}]
[{"$f":"'Состав блюд'!A847","v":0}]
[{"$f":"'Состав блюд'!A848","v":0}]
[{"$f":"'Состав блюд'!A849","v":0}]
[{"$f":"'Состав блюд'!A850","v":0}]
[{"$f":"'Состав блюд'!A851","v":0}]
[{"$f":"'Состав блюд'!A852","v":0}]
[{"$f":"'Состав блюд'!A853","v":0}]
[{"$f":"'Состав блюд'!A854","v":0}]
[{"$f":"'Состав блюд'!A855","v":0}]
[{"$f":"'Состав блюд'!A856","v":0}]
[{"$f":"'Состав блюд'!A857","v":0}]
[{"$f":"'Состав блюд'!A858","v":0}]
[{"$f":"'Состав блюд'!A859","v":0}]
[{"$f":"'Состав блюд'!A860","v":0}]
[{"$f":"'Состав блюд'!A861","v":0}]
[{"$f":"'Состав блюд'!A862","v":0}]
[{"$f":"'Состав блюд'!A863","v":0}]
[{"$f":"'Состав блюд'!A864","v":0}]
[{"$f":"'Состав блюд'!A865","v":0}]
[{"$f":"'Состав блюд'!A866","v":0}]
[{"$f":"'Состав блюд'!A867","v":0}]
[{"$f":"'Состав блюд'!A868","v":0}]
[{"$f":"'Состав блюд'!A869","v":0}]
[{"$f":"'Состав блюд'!A870","v":0}]
[{"$f":"'Состав блюд'!A871","v":0}]
[{"$f":"'Состав блюд'!A872","v":0}]
[{"$f":"'Состав блюд'!A873","v":0}]
[{"$f":"'Состав блюд'!A874","v":0}]
[{"$f":"'Состав блюд'!A875","v":0}]
[{"$f":"'Состав блюд'!A876","v":0}]
[{"$f":"'Состав блюд'!A877","v":0}]
[{"$f":"'Состав блюд'!A878","v":0}]
[{"$f":"'Состав блюд'!A879","v":0}]
[{"$f":"'Состав блюд'!A880","v":0}]
[{"$f":"'Состав блюд'!A881","v":0}]
[{"$f":"'Состав блюд'!A882","v":0}]
[{"$f":"'Состав блюд'!A883","v":0}]
[{"$f":"'Состав блюд'!A884","v":0}]
[{"$f":"'Состав блюд'!A885","v":0}]
[{"$f":"'Состав блюд'!A886","v":0}]
[{"$f":"'Состав блюд'!A887","v":0}]
[{"$f":"'Состав блюд'!A888","v":0}]
[{"$f":"'Состав блюд'!A889","v":0}]
[{"$f":"'Состав блюд'!A890","v":0}]
[{"$f":"'Состав блюд'!A891","v":0}]
[{"$f":"'Состав блюд'!A892","v":0}]
[{"$f":"'Состав блюд'!A893","v":0}]
[{"$f":"'Состав блюд'!A894","v":0}]
[{"$f":"'Состав блюд'!A895","v":0}]
[{"$f":"'Состав блюд'!A896","v":0}]
[{"$f":"'Состав блюд'!A897","v":0}]
[{"$f":"'Состав блюд'!A898","v":0}]
[{"$f":"'Состав блюд'!A899","v":0}]
[{"$f":"'Состав блюд'!A900","v":0}]
[{"$f":"'Состав блюд'!A901","v":0}]
[{"$f":"'Состав блюд'!A902","v":0}]
[{"$f":"'Состав блюд'!A903","v":0}]
[{"$f":"'Состав блюд'!A904","v":0}]
[{"$f":"'Состав блюд'!A905","v":0}]
[{"$f":"'Состав блюд'!A906","v":0}]
[{"$f":"'Состав блюд'!A907","v":0}]
[{"$f":"'Состав блюд'!A908","v":0}]
[{"$f":"'Состав блюд'!A909","v":0}]
[{"$f":"'Состав блюд'!A910","v":0}]
[{"$f":"'Состав блюд'!A911","v":0}]
[{"$f":"'Состав блюд'!A912","v":0}]
[{"$f":"'Состав блюд'!A913","v":0}]
[{"$f":"'Состав блюд'!A914","v":0}]
[{"$f":"'Состав блюд'!A915","v":0}]
[{"$f":"'Состав блюд'!A916","v":0}]
[{"$f":"'Состав блюд'!A917","v":0}]
[{"$f":"'Состав блюд'!A918","v":0}]
[{"$f":"'Состав блюд'!A919","v":0}]
[{"$f":"'Состав блюд'!A920","v":0}]
[{"$f":"'Состав блюд'!A921","v":0}]
[{"$f":"'Состав блюд'!A922","v":0}]
[{"$f":"'Состав блюд'!A923","v":0}]
[{"$f":"'Состав блюд'!A924","v":0}]
[{"$f":"'Состав блюд'!A925","v":0}]
[{"$f":"'Состав блюд'!A926","v":0}]
[{"$f":"'Состав блюд'!A927","v":0}]
[{"$f":"'Состав блюд'!A928","v":0}]
[{"$f":"'Состав блюд'!A929","v":0}]
[{"$f":"'Состав блюд'!A930","v":0}]
[{"$f":"'Состав блюд'!A931","v":0}]
[{"$f":"'Состав блюд'!A932","v":0}]
[{"$f":"'Состав блюд'!A933","v":0}]
[{"$f":"'Состав блюд'!A934","v":0}]
[{"$f":"'Состав блюд'!A935","v":0}]
[{"$f":"'Состав блюд'!A936","v":0}]
[{"$f":"'Состав блюд'!A937","v":0}]
[{"$f":"'Состав блюд'!A938","v":0}]
[{"$f":"'Состав блюд'!A939","v":0}]
[{"$f":"'Состав блюд'!A940","v":0}]
[{"$f":"'Состав блюд'!A941","v":0}]
[{"$f":"'Состав блюд'!A942","v":0}]
[{"$f":"'Состав блюд'!A943","v":0}]
[{"$f":"'Состав блюд'!A944","v":0}]
[{"$f":"'Состав блюд'!A945","v":0}]
[{"$f":"'Состав блюд'!A946","v":0}]
[{"$f":"'Состав блюд'!A947","v":0}]
[{"$f":"'Состав блюд'!A948","v":0}]
[{"$f":"'Состав блюд'!A949","v":0}]
[{"$f":"'Состав блюд'!A950","v":0}]
[{"$f":"'Состав блюд'!A951","v":0}]
[{"$f":"'Состав блюд'!A952","v":0}]
[{"$f":"'Состав блюд'!A953","v":0}]
[{"$f":"'Состав блюд'!A954","v":0}]
[{"$f":"'Состав блюд'!A955","v":0}]
[{"$f":"'Состав блюд'!A956","v":0}]
[{"$f":"'Состав блюд'!A957","v":0}]
[{"$f":"'Состав блюд'!A958","v":0}]
[{"$f":"'Состав блюд'!A959","v":0}]
[{"$f":"'Состав блюд'!A960","v":0}]
[{"$f":"'Состав блюд'!A961","v":0}]
[{"$f":"'Состав блюд'!A962","v":0}]
[{"$f":"'Состав блюд'!A963","v":0}]
[{"$f":"'Состав блюд'!A964","v":0}]
[{"$f":"'Состав блюд'!A965","v":0}]
[{"$f":"'Состав блюд'!A966","v":0}]
[{"$f":"'Состав блюд'!A967","v":0}]
[{"$f":"'Состав блюд'!A968","v":0}]
[{"$f":"'Состав блюд'!A969","v":0}]
[{"$f":"'Состав блюд'!A970","v":0}]
[{"$f":"'Состав блюд'!A971","v":0}]
[{"$f":"'Состав блюд'!A972","v":0}]
[{"$f":"'Состав блюд'!A973","v":0}]
[{"$f":"'Состав блюд'!A974","v":0}]
[{"$f":"'Состав блюд'!A975","v":0}]
[{"$f":"'Состав блюд'!A976","v":0}]
[{"$f":"'Состав блюд'!A977","v":0}]
[{"$f":"'Состав блюд'!A978","v":0}]
[{"$f":"'Состав блюд'!A979","v":0}]
[{"$f":"'Состав блюд'!A980","v":0}]
[{"$f":"'Состав блюд'!A981","v":0}]
[{"$f":"'Состав блюд'!A982","v":0}]
[{"$f":"'Состав блюд'!A983","v":0}]
[{"$f":"'Состав блюд'!A984","v":0}]
[{"$f":"'Состав блюд'!A985","v":0}]
[{"$f":"'Состав блюд'!A986","v":0}]
[{"$f":"'Состав блюд'!A987","v":0}]
[{"$f":"'Состав блюд'!A988","v":0}]
[{"$f":"'Состав блюд'!A989","v":0}]
[{"$f":"'Состав блюд'!A990","v":0}]
[{"$f":"'Состав блюд'!A991","v":0}]
[{"$f":"'Состав блюд'!A992","v":0}]
[{"$f":"'Состав блюд'!A993","v":0}]
[{"$f":"'Состав блюд'!A994","v":0}]
[{"$f":"'Состав блюд'!A995","v":0}]
[{"$f":"'Состав блюд'!A996","v":0}]
[{"$f":"'Состав блюд'!A997","v":0}]
[{"$f":"'Состав блюд'!A998","v":0}]
[{"$f":"'Состав блюд'!A999","v":0}]
[{"$f":"'Состав блюд'!A1000","v":0}]
[{"$f":"'Состав блюд'!A1001","v":0}]
[{"$f":"'Состав блюд'!A1002","v":0}]
[{"$f":"'Состав блюд'!A1003","v":0}]
[{"$f":"'Состав блюд'!A1004","v":0}]
[{"$f":"'Состав блюд'!A1005","v":0}]
[{"$f":"'Состав блюд'!A1006","v":0}]
[{"$f":"'Состав блюд'!A1007","v":0}]
[{"$f":"'Состав блюд'!A1008","v":0}]
[{"$f":"'Состав блюд'!A1009","v":0}]
[{"$f":"'Состав блюд'!A1010","v":0}]
[{"$f":"'Состав блюд'!A1011","v":0}]
[{"$f":"'Состав блюд'!A1012","v":0}]
[{"$f":"'Состав блюд'!A1013","v":0}]
[{"$f":"'Состав блюд'!A1014","v":0}]
[{"$f":"'Состав блюд'!A1015","v":0}]
[{"$f":"'Состав блюд'!A1016","v":0}]
[{"$f":"'Состав блюд'!A1017","v":0}]
[{"$f":"'Состав блюд'!A1018","v":0}]
[{"$f":"'Состав блюд'!A1019","v":0}]
[{"$f":"'Состав блюд'!A1020","v":0}]
[{"$f":"'Состав блюд'!A1021","v":0}]
[{"$f":"'Состав блюд'!A1022","v":0}]
[{"$f":"'Состав блюд'!A1023","v":0}]
[{"$f":"'Состав блюд'!A1024","v":0}]
[{"$f":"'Состав блюд'!A1025","v":0}]
[{"$f":"'Состав блюд'!A1026","v":0}]
[{"$f":"'Состав блюд'!A1027","v":0}]
[{"$f":"'Состав блюд'!A1028","v":0}]
[{"$f":"'Состав блюд'!A1029","v":0}]
[{"$f":"'Состав блюд'!A1030","v":0}]
[{"$f":"'Состав блюд'!A1031","v":0}]
[{"$f":"'Состав блюд'!A1032","v":0}]
[{"$f":"'Состав блюд'!A1033","v":0}]
[{"$f":"'Состав блюд'!A1034","v":0}]
[{"$f":"'Состав блюд'!A1035","v":0}]
[{"$f":"'Состав блюд'!A1036","v":0}]
[{"$f":"'Состав блюд'!A1037","v":0}]
[{"$f":"'Состав блюд'!A1038","v":0}]
[{"$f":"'Состав блюд'!A1039","v":0}]
[{"$f":"'Состав блюд'!A1040","v":0}]
[{"$f":"'Состав блюд'!A1041","v":0}]
[{"$f":"'Состав блюд'!A1042","v":0}]
[{"$f":"'Состав блюд'!A1043","v":0}]
[{"$f":"'Состав блюд'!A1044","v":0}]
[{"$f":"'Состав блюд'!A1045","v":0}]
[{"$f":"'Состав блюд'!A1046","v":0}]
[{"$f":"'Состав блюд'!A1047","v":0}]
[{"$f":"'Состав блюд'!A1048","v":0}]
[{"$f":"'Состав блюд'!A1049","v":0}]
[{"$f":"'Состав блюд'!A1050","v":0}]
[{"$f":"'Состав блюд'!A1051","v":0}]
[{"$f":"'Состав блюд'!A1052","v":0}]
[{"$f":"'Состав блюд'!A1053","v":0}]
[{"$f":"'Состав блюд'!A1054","v":0}]
[{"$f":"'Состав блюд'!A1055","v":0}]
[{"$f":"'Состав блюд'!A1056","v":0}]
[{"$f":"'Состав блюд'!A1057","v":0}]
[{"$f":"'Состав блюд'!A1058","v":0}]
[{"$f":"'Состав блюд'!A1059","v":0}]
[{"$f":"'Состав блюд'!A1060","v":0}]
[{"$f":"'Состав блюд'!A1061","v":0}]
[{"$f":"'Состав блюд'!A1062","v":0}]
[{"$f":"'Состав блюд'!A1063","v":0}]
[{"$f":"'Состав блюд'!A1064","v":0}]
[{"$f":"'Состав блюд'!A1065","v":0}]
[{"$f":"'Состав блюд'!A1066","v":0}]
[{"$f":"'Состав блюд'!A1067","v":0}]
[{"$f":"'Состав блюд'!A1068","v":0}]
[{"$f":"'Состав блюд'!A1069","v":0}]
[{"$f":"'Состав блюд'!A1070","v":0}]
[{"$f":"'Состав блюд'!A1071","v":0}]
[{"$f":"'Состав блюд'!A1072","v":0}]
[{"$f":"'Состав блюд'!A1073","v":0}]
[{"$f":"'Состав блюд'!A1074","v":0}]
[{"$f":"'Состав блюд'!A1075","v":0}]
[{"$f":"'Состав блюд'!A1076","v":0}]
[{"$f":"'Состав блюд'!A1077","v":0}]
[{"$f":"'Состав блюд'!A1078","v":0}]
[{"$f":"'Состав блюд'!A1079","v":0}]
[{"$f":"'Состав блюд'!A1080","v":0}]
[{"$f":"'Состав блюд'!A1081","v":0}]
[{"$f":"'Состав блюд'!A1082","v":0}]
[{"$f":"'Состав блюд'!A1083","v":0}]
[{"$f":"'Состав блюд'!A1084","v":0}]
[{"$f":"'Состав блюд'!A1085","v":0}]
[{"$f":"'Состав блюд'!A1086","v":0}]
[{"$f":"'Состав блюд'!A1087","v":0}]
[{"$f":"'Состав блюд'!A1088","v":0}]

{"sheet":"Прих.накладная","index":2,"n_rows":59,"n_cols":28,"rows_kept":59,"cut":false,"hidden":false,"merged":[[0,5,0,23],[1,5,1,11],[1,12,1,23],[2,5,2,23],[3,5,3,20],[3,21,3,23],[7,27,11,27],[7,28,11,28],[7,29,11,29],[6,5,6,18],[6,19,6,20],[6,21,6,23],[4,5,4,15],[4,16,4,20],[4,21,4,23],[5,5,5,18],[5,19,5,20],[5,21,5,23],[7,30,11,30],[8,5,8,11],[9,5,9,20],[9,21,9,23],[10,5,10,8],[10,9,10,20],[10,21,10,23],[11,5,11,16],[11,17,11,20],[11,21,11,23],[7,5,7,11],[7,12,8,20],[7,21,8,23],[12,5,12,23],[13,5,13,10],[13,11,13,17],[13,18,13,22],[7,26,11,26],[14,6,14,10],[14,11,14,17],[14,18,14,22],[15,5,15,23],[16,6,16,12],[16,13,16,14],[16,15,16,19],[16,20,16,21],[16,22,16,23],[17,6,17,12],[17,13,17,14],[17,15,17,19],[17,20,17,21],[17,22,17,23],[18,6,18,12],[18,13,18,14],[18,15,18,19],[18,20,18,21],[18,22,18,23],[19,6,19,12],[19,13,19,14],[19,15,19,19],[19,20,19,21],[19,22,19,23],[20,6,20,12],[20,13,20,14],[20,15,20,19],[20,20,20,21],[20,22,20,23],[21,6,21,12],[21,13,21,14],[21,15,21,19],[21,20,21,21],[21,22,21,23],[22,6,22,12],[22,13,22,14],[22,15,22,19],[22,20,22,21],[22,22,22,23],[23,6,23,12],[23,13,23,14],[23,15,23,19],[23,20,23,21],[23,22,23,23],[24,6,24,12],[24,13,24,14],[24,15,24,19],[24,20,24,21],[24,22,24,23],[25,6,25,12],[25,13,25,14],[25,15,25,19],[25,20,25,21],[25,22,25,23],[26,6,26,12],[26,13,26,14],[26,15,26,19],[26,20,26,21],[26,22,26,23],[59,5,59,23],[58,5,58,21],[58,22,58,23],[27,6,27,12],[27,13,27,14],[27,15,27,19],[27,20,27,21],[27,22,27,23],[28,6,28,12],[28,13,28,14],[28,15,28,19],[28,20,28,21],[28,22,28,23],[50,15,50,19],[50,20,50,21],[50,22,50,23],[49,13,49,14],[49,22,49,23],[46,13,46,14],[53,15,53,19],[53,20,53,21],[53,22,53,23],[54,6,54,12],[54,13,54,14],[54,15,54,19],[54,20,54,21],[54,22,54,23],[51,6,51,12],[51,13,51,14],[51,15,51,19],[51,20,51,21],[51,22,51,23],[52,6,52,12],[52,13,52,14],[52,15,52,19],[52,20,52,21],[52,22,52,23],[57,15,57,19],[57,20,57,21],[57,22,57,23],[55,6,55,12],[55,13,55,14],[55,15,55,19],[55,20,55,21],[55,22,55,23],[56,6,56,12],[56,13,56,14],[56,15,56,19],[56,20,56,21],[56,22,56,23],[35,13,35,14],[36,13,36,14],[57,6,57,12],[57,13,57,14],[53,6,53,12],[53,13,53,14],[50,6,50,12],[50,13,50,14],[43,6,43,12],[41,6,41,12],[42,6,42,12],[37,13,37,14],[38,13,38,14],[49,6,49,12],[35,6,35,12],[36,6,36,12],[37,6,37,12],[38,6,38,12],[47,13,47,14],[48,13,48,14],[45,13,45,14],[44,6,44,12],[45,6,45,12],[46,6,46,12],[29,6,29,12],[30,6,30,12],[31,6,31,12],[32,6,32,12],[33,6,33,12],[34,6,34,12],[31,20,31,21],[32,20,32,21],[33,20,33,21],[34,20,34,21],[30,20,30,21],[29,15,29,19],[30,15,30,19],[31,15,31,19],[32,15,32,19],[33,15,33,19],[29,13,29,14],[30,13,30,14],[31,13,31,14],[32,13,32,14],[33,13,33,14],[34,13,34,14],[34,15,34,19],[47,6,47,12],[48,6,48,12],[39,13,39,14],[40,13,40,14],[41,13,41,14],[42,13,42,14],[43,13,43,14],[44,13,44,14],[39,6,39,12],[40,6,40,12],[41,20,41,21],[48,20,48,21],[49,20,49,21],[29,22,29,23],[30,22,30,23],[31,22,31,23],[32,22,32,23],[33,22,33,23],[34,22,34,23],[35,22,35,23],[36,22,36,23],[42,20,42,21],[43,20,43,21],[44,20,44,21],[45,20,45,21],[46,20,46,21],[47,20,47,21],[35,20,35,21],[36,20,36,21],[37,20,37,21],[38,20,38,21],[39,20,39,21],[40,20,40,21],[29,20,29,21],[43,22,43,23],[44,22,44,23],[45,22,45,23],[46,22,46,23],[47,22,47,23],[48,22,48,23],[37,22,37,23],[38,22,38,23],[39,22,39,23],[40,22,40,23],[41,22,41,23],[42,22,42,23],[35,15,35,19],[36,15,36,19],[37,15,37,19],[38,15,38,19],[39,15,39,19],[40,15,40,19],[47,15,47,19],[48,15,48,19],[49,15,49,19],[41,15,41,19],[42,15,42,19],[43,15,43,19],[44,15,44,19],[45,15,45,19],[46,15,46,19]]}
[]
[null,null,null,null,null,null,null,null,null,null,null,null,"Унифицированная форма № ОП-1\nУтверждена постановлением Госкомстата\nРоссии от 25.12.98 № 132  ",null,null,null,null,null,null,null,null,null,null,null,null,null,"День",2]
[null,null,null,null,null,null,null,null,null,null,null,null,null,null,null,null,null,null,null,null,null,null,null,null,null,null,"Месяц",9]
[null,null,null,null,"Товар",null,null,null,null,null,null,null,null,null,null,null,null,null,null,null,null,"Код",null,null,null,null,"Год",2022]
[null,null,null,null,"Борщ украинский",null,null,null,null,null,null,null,null,null,null,null,"Форма по ОКУД",null,null,null,null,330501]
[null,null,null,null,{"$f":"IF(AND(E5<>\"\",INDEX('Состав блюд'!#REF!,MATCH(INDEX(#REF!,MATCH(E$5,#REF!,)),'Состав блюд'!#REF!,)+ROW(E2))=ROW(E1)),INDEX('Состав блюд'!#REF!,MATCH(INDEX(#REF!,MATCH(E$5,#REF!,)),'Состав блюд'!#REF!,)+ROW(E2)),\"\")","v":{"$error":"#REF!"}},null,null,null,null,null,null,null,null,null,null,null,null,null,null,"по ОКПО"]
[null,null,null,null,{"$f":"IF(AND(E6<>\"\",INDEX('Состав блюд'!#REF!,MATCH(INDEX(#REF!,MATCH(E$5,#REF!,)),'Состав блюд'!#REF!,)+ROW(E3))=ROW(E2)),INDEX('Состав блюд'!#REF!,MATCH(INDEX(#REF!,MATCH(E$5,#REF!,)),'Состав блюд'!#REF!,)+ROW(E3)),\"\")","v":{"$error":"#REF!"}},"ООО \"Метро\""]
[null,null,null,null,{"$f":"IF(AND(E7<>\"\",INDEX('Состав блюд'!#REF!,MATCH(INDEX(#REF!,MATCH(E$5,#REF!,)),'Состав блюд'!#REF!,)+ROW(E4))=ROW(E3)),INDEX('Состав блюд'!#REF!,MATCH(INDEX(#REF!,MATCH(E$5,#REF!,)),'Состав блюд'!#REF!,)+ROW(E4)),\"\")","v":{"$error":"#REF!"}},"наименование поставщика",null,null,null,null,null,null,"Вид деятельности по ОКДП"]
[null,null,null,null,{"$f":"IF(AND(E8<>\"\",INDEX('Состав блюд'!#REF!,MATCH(INDEX(#REF!,MATCH(E$5,#REF!,)),'Состав блюд'!#REF!,)+ROW(E5))=ROW(E4)),INDEX('Состав блюд'!#REF!,MATCH(INDEX(#REF!,MATCH(E$5,#REF!,)),'Состав блюд'!#REF!,)+ROW(E5)),\"\")","v":{"$error":"#REF!"}}]
[null,null,null,null,{"$f":"IF(AND(E9<>\"\",INDEX('Состав блюд'!#REF!,MATCH(INDEX(#REF!,MATCH(E$5,#REF!,)),'Состав блюд'!#REF!,)+ROW(E6))=ROW(E5)),INDEX('Состав блюд'!#REF!,MATCH(INDEX(#REF!,MATCH(E$5,#REF!,)),'Состав блюд'!#REF!,)+ROW(E6)),\"\")","v":{"$error":"#REF!"}},"ООО \"Сервис-М\""]
[null,null,null,null,{"$f":"IF(AND(E10<>\"\",INDEX('Состав блюд'!#REF!,MATCH(INDEX(#REF!,MATCH(E$5,#REF!,)),'Состав блюд'!#REF!,)+ROW(E7))=ROW(E6)),INDEX('Состав блюд'!#REF!,MATCH(INDEX(#REF!,MATCH(E$5,#REF!,)),'Состав блюд'!#REF!,)+ROW(E7)),\"\")","v":{"$error":"#REF!"}},"наименование получателя"]
[null,null,null,null,{"$f":"IF(AND(E11<>\"\",INDEX('Состав блюд'!#REF!,MATCH(INDEX(#REF!,MATCH(E$5,#REF!,)),'Состав блюд'!#REF!,)+ROW(E8))=ROW(E7)),INDEX('Состав блюд'!#REF!,MATCH(INDEX(#REF!,MATCH(E$5,#REF!,)),'Состав блюд'!#REF!,)+ROW(E8)),\"\")","v":{"$error":"#REF!"}},null,null,null,null,null,null,null,null,null,null,null,null,"Вид операции"]
[null,null,null,null,{"$f":"IF(AND(E12<>\"\",INDEX('Состав блюд'!#REF!,MATCH(INDEX(#REF!,MATCH(E$5,#REF!,)),'Состав блюд'!#REF!,)+ROW(E9))=ROW(E8)),INDEX('Состав блюд'!#REF!,MATCH(INDEX(#REF!,MATCH(E$5,#REF!,)),'Состав блюд'!#REF!,)+ROW(E9)),\"\")","v":{"$error":"#REF!"}}]
[null,null,null,null,{"$f":"IF(AND(E13<>\"\",INDEX('Состав блюд'!#REF!,MATCH(INDEX(#REF!,MATCH(E$5,#REF!,)),'Состав блюд'!#REF!,)+ROW(E10))=ROW(E9)),INDEX('Состав блюд'!#REF!,MATCH(INDEX(#REF!,MATCH(E$5,#REF!,)),'Состав блюд'!#REF!,)+ROW(E10)),\"\")","v":{"$error":"#REF!"}},null,null,null,null,null,null,"Номер документа",null,null,null,null,null,null,"Дата прихода"]
[null,null,null,null,{"$f":"IF(AND(E14<>\"\",INDEX('Состав блюд'!#REF!,MATCH(INDEX(#REF!,MATCH(E$5,#REF!,)),'Состав блюд'!#REF!,)+ROW(E11))=ROW(E10)),INDEX('Состав блюд'!#REF!,MATCH(INDEX(#REF!,MATCH(E$5,#REF!,)),'Состав блюд'!#REF!,)+ROW(E11)),\"\")","v":{"$error":"#REF!"}},null,"ПРИХОДНАЯ НАКЛАДНАЯ",null,null,null,null,1,null,null,null,null,null,null,{"$f":"DATE($AB$4,$AB$3,$AB$2)","v":"2022-09-02"}]
[null,null,null,null,{"$f":"IF(AND(E15<>\"\",INDEX('Состав блюд'!#REF!,MATCH(INDEX(#REF!,MATCH(E$5,#REF!,)),'Состав блюд'!#REF!,)+ROW(E12))=ROW(E11)),INDEX('Состав блюд'!#REF!,MATCH(INDEX(#REF!,MATCH(E$5,#REF!,)),'Состав блюд'!#REF!,)+ROW(E12)),\"\")","v":{"$error":"#REF!"}}]
[null,null,null,null,{"$f":"IF(AND(#REF!<>\"\",INDEX('Состав блюд'!#REF!,MATCH(INDEX(#REF!,MATCH(E$5,#REF!,)),'Состав блюд'!#REF!,)+ROW(E14))=ROW(E13)),INDEX('Состав блюд'!#REF!,MATCH(INDEX(#REF!,MATCH(E$5,#REF!,)),'Состав блюд'!#REF!,)+ROW(E14)),\"\")","v":{"$error":"#REF!"}},"№","Продукты",null,null,null,null,null,null,"Ед.",null,"Количество, кг",null,null,null,null,"Цена закупки, руб",null,"Сумма, руб"]
[null,null,null,null,{"$f":"IF(AND(E17<>\"\",INDEX('Состав блюд'!#REF!,MATCH(INDEX(#REF!,MATCH(E$5,#REF!,)),'Состав блюд'!#REF!,)+ROW(E15))=ROW(E14)),INDEX('Состав блюд'!#REF!,MATCH(INDEX(#REF!,MATCH(E$5,#REF!,)),'Состав блюд'!#REF!,)+ROW(E15)),\"\")","v":{"$error":"#REF!"}},1,"Гречка",null,null,null,null,null,null,"кг",null,5,null,null,null,null,50,null,{"$f":"IFERROR(P18*U18,\"\")","v":250}]
[null,null,null,null,{"$f":"IF(AND(E18<>\"\",INDEX('Состав блюд'!#REF!,MATCH(INDEX(#REF!,MATCH(E$5,#REF!,)),'Состав блюд'!#REF!,)+ROW(E16))=ROW(E15)),INDEX('Состав блюд'!#REF!,MATCH(INDEX(#REF!,MATCH(E$5,#REF!,)),'Состав блюд'!#REF!,)+ROW(E16)),\"\")","v":{"$error":"#REF!"}},2,"Какао в порошке",null,null,null,null,null,null,"кг",null,5,null,null,null,null,50,null,250]
[null,null,null,null,{"$f":"IF(AND(E19<>\"\",INDEX('Состав блюд'!#REF!,MATCH(INDEX(#REF!,MATCH(E$5,#REF!,)),'Состав блюд'!#REF!,)+ROW(#REF!))=ROW(E16)),INDEX('Состав блюд'!#REF!,MATCH(INDEX(#REF!,MATCH(E$5,#REF!,)),'Состав блюд'!#REF!,)+ROW(#REF!)),\"\")","v":{"$error":"#REF!"}},3,"Гречка",null,null,null,null,null,null,"кг",null,2,null,null,null,null,50,null,100]
[null,null,null,null,{"$f":"IF(AND(E20<>\"\",INDEX('Состав блюд'!#REF!,MATCH(INDEX(#REF!,MATCH(E$5,#REF!,)),'Состав блюд'!#REF!,)+ROW(E17))=ROW(#REF!)),INDEX('Состав блюд'!#REF!,MATCH(INDEX(#REF!,MATCH(E$5,#REF!,)),'Состав блюд'!#REF!,)+ROW(E17)),\"\")","v":{"$error":"#REF!"}},4,"Гречка",null,null,null,null,null,null,"кг",null,5,null,null,null,null,50,null,250]
[null,null,null,null,{"$f":"IF(AND(E21<>\"\",INDEX('Состав блюд'!#REF!,MATCH(INDEX(#REF!,MATCH(E$5,#REF!,)),'Состав блюд'!#REF!,)+ROW(E18))=ROW(E17)),INDEX('Состав блюд'!#REF!,MATCH(INDEX(#REF!,MATCH(E$5,#REF!,)),'Состав блюд'!#REF!,)+ROW(E18)),\"\")","v":{"$error":"#REF!"}},5,"Говядина",null,null,null,null,null,null,"кг",null,5,null,null,null,null,30,null,150]
[null,null,null,null,{"$f":"IF(AND(E22<>\"\",INDEX('Состав блюд'!#REF!,MATCH(INDEX(#REF!,MATCH(E$5,#REF!,)),'Состав блюд'!#REF!,)+ROW(E19))=ROW(E18)),INDEX('Состав блюд'!#REF!,MATCH(INDEX(#REF!,MATCH(E$5,#REF!,)),'Состав блюд'!#REF!,)+ROW(E19)),\"\")","v":{"$error":"#REF!"}},6,"Гречка",null,null,null,null,null,null,"кг",null,5,null,null,null,null,3,null,15]
[null,null,null,null,{"$f":"IF(AND(E23<>\"\",INDEX('Состав блюд'!#REF!,MATCH(INDEX(#REF!,MATCH(E$5,#REF!,)),'Состав блюд'!#REF!,)+ROW(E20))=ROW(E19)),INDEX('Состав блюд'!#REF!,MATCH(INDEX(#REF!,MATCH(E$5,#REF!,)),'Состав блюд'!#REF!,)+ROW(E20)),\"\")","v":{"$error":"#REF!"}},7,"Горох",null,null,null,null,null,null,"кг",null,5,null,null,null,null,1,null,5]
[null,null,null,null,{"$f":"IF(AND(E24<>\"\",INDEX('Состав блюд'!#REF!,MATCH(INDEX(#REF!,MATCH(E$5,#REF!,)),'Состав блюд'!#REF!,)+ROW(E21))=ROW(E20)),INDEX('Состав блюд'!#REF!,MATCH(INDEX(#REF!,MATCH(E$5,#REF!,)),'Состав блюд'!#REF!,)+ROW(E21)),\"\")","v":{"$error":"#REF!"}},8,null,null,null,null,null,null,null,"кг"]
[null,null,null,null,{"$f":"IF(AND(E25<>\"\",INDEX('Состав блюд'!#REF!,MATCH(INDEX(#REF!,MATCH(E$5,#REF!,)),'Состав блюд'!#REF!,)+ROW(E22))=ROW(E21)),INDEX('Состав блюд'!#REF!,MATCH(INDEX(#REF!,MATCH(E$5,#REF!,)),'Состав блюд'!#REF!,)+ROW(E22)),\"\")","v":{"$error":"#REF!"}},9,null,null,null,null,null,null,null,"кг"]
[null,null,null,null,{"$f":"IF(AND(E26<>\"\",INDEX('Состав блюд'!#REF!,MATCH(INDEX(#REF!,MATCH(E$5,#REF!,)),'Состав блюд'!#REF!,)+ROW(E23))=ROW(E22)),INDEX('Состав блюд'!#REF!,MATCH(INDEX(#REF!,MATCH(E$5,#REF!,)),'Состав блюд'!#REF!,)+ROW(E23)),\"\")","v":{"$error":"#REF!"}},10,null,null,null,null,null,null,null,"кг"]
[null,null,null,null,{"$f":"IF(AND(E27<>\"\",INDEX('Состав блюд'!#REF!,MATCH(INDEX(#REF!,MATCH(E$5,#REF!,)),'Состав блюд'!#REF!,)+ROW(E24))=ROW(E23)),INDEX('Состав блюд'!#REF!,MATCH(INDEX(#REF!,MATCH(E$5,#REF!,)),'Состав блюд'!#REF!,)+ROW(E24)),\"\")","v":{"$error":"#REF!"}},11,null,null,null,null,null,null,null,"кг"]
[null,null,null,null,null,12,null,null,null,null,null,null,null,"кг"]
[null,null,null,null,null,13,null,null,null,null,null,null,null,"кг"]
[null,null,null,null,null,14,null,null,null,null,null,null,null,"кг"]
[null,null,null,null,null,15,null,null,null,null,null,null,null,"кг"]
[null,null,null,null,null,16,null,null,null,null,null,null,null,"кг"]
[null,null,null,null,null,17,null,null,null,null,null,null,null,"кг"]
[null,null,null,null,null,18,null,null,null,null,null,null,null,"кг"]
[null,null,null,null,null,19,null,null,null,null,null,null,null,"кг"]
[null,null,null,null,null,20,null,null,null,null,null,null,null,"кг"]
[null,null,null,null,null,21,null,null,null,null,null,null,null,"кг"]
[null,null,null,null,null,22,null,null,null,null,null,null,null,"кг"]
[null,null,null,null,null,23,null,null,null,null,null,null,null,"кг"]
[null,null,null,null,null,24,null,null,null,null,null,null,null,"кг"]
[null,null,null,null,null,25,null,null,null,null,null,null,null,"кг"]
[null,null,null,null,null,26,null,null,null,null,null,null,null,"кг"]
[null,null,null,null,null,27,null,null,null,null,null,null,null,"кг"]
[null,null,null,null,null,28,null,null,null,null,null,null,null,"кг"]
[null,null,null,null,null,29,null,null,null,null,null,null,null,"кг"]
[null,null,null,null,null,30,null,null,null,null,null,null,null,"кг"]
[null,null,null,null,null,31,null,null,null,null,null,null,null,"кг"]
[null,null,null,null,null,32,null,null,null,null,null,null,null,"кг"]
[null,null,null,null,null,33,null,null,null,null,null,null,null,"кг"]
[null,null,null,null,null,34,null,null,null,null,null,null,null,"кг"]
[null,null,null,null,null,35,null,null,null,null,null,null,null,"кг"]
[null,null,null,null,null,36,null,null,null,null,null,null,null,"кг"]
[null,null,null,null,null,37,null,null,null,null,null,null,null,"кг"]
[null,null,null,null,null,38,null,null,null,null,null,null,null,"кг"]
[null,null,null,null,null,39,null,null,null,null,null,null,null,"кг"]
[null,null,null,null,null,40,null,null,null,null,null,null,null,"кг"]
[null,null,null,null,null,41,null,null,null,null,null,null,null,"кг"]
[null,null,null,null,null,"Итого стоимость, руб",null,null,null,null,null,null,null,null,null,null,null,null,null,null,null,null,{"$f":"SUM(W18:X58)","v":1020}]

{"sheet":"Выгрузка из прих.накл.","index":3,"n_rows":9,"n_cols":33,"rows_kept":9,"cut":false,"hidden":false,"merged":[]}
["Дата","№ документа","Итого","Прим","Говядина","Гречка","Какао в порошке","Капуста","Картофель","Колбаса \"Докторская\"","Курица","Лавровый лист","Лук","Майонез","Масло растительное","Масло сливочное","Морковь","Огурец свежий","Перец сладкий","Помидоры","Рис","Сахар","Свекла","Свинина","Соль","Сухари панировочные","Сыр","Томатная паста","Уксус 9%-ный","Чай","Яйца куриные","рм","итм"]
["2022-09-02",1,880,null,null,12,null,null,null,null,null,null,null,null,null,null,null,null,null,null,5]
["2022-09-02",1,"__________",null,null,"50руб./кг",null,null,null,null,null,null,null,null,null,null,null,null,null,null,"50руб./кг"]
["2022-09-02",1,1015,null,5,17,null,null,null,null,null,null,null,null,null,null,null,null,null,null,5]
["2022-09-02",1,"__________",null,"30руб./кг","3руб./кг",null,null,null,null,null,null,null,null,null,null,null,null,null,null,"50руб./кг"]
["2022-09-02",1,1020,null,5,17,5,5]
["2022-09-02",1,"__________",null,"30руб./кг","3руб./кг","50руб./кг","1руб./кг"]
["2022-09-02",1,1020,null,5,17,5]
["2022-09-02",1,"__________",null,"30руб./кг","3руб./кг","50руб./кг"]